|
|
|
|
| LEADER |
01575nam a22003017a 4500 |
| 001 |
36071 |
| 003 |
BD-DhAAL |
| 008 |
211027t1992 bg a|||| bi|| 001 0 ben d |
| 999 |
|
|
|c 43285
|d 43285
|
| 040 |
|
|
|a BD-DhAAL
|
| 041 |
|
|
|a ben
|
| 082 |
|
|
|a 370.92
|
| 100 |
|
|
|a আলম, তাহমিনা
|9 42260
|
| 245 |
|
|
|a বেগম রোকেয়া সাখাওয়াত হোসেন :
|b চিন্তা-চেতনার ধারা ও সমাজকর্ম /
|c তাহমিনা আলম
|
| 246 |
|
|
|a Begum Roquiah Sakhawat Hossain :
|b chinta chetonar dhara o samajkarma
|
| 246 |
|
|
|a Begum Roquiah Sakhawat Hossain :
|b her thoughts and social work
|
| 250 |
|
|
|a প্রথম প্রকাশ
|
| 260 |
|
|
|a ঢাকা :
|b বাংলা একাডেমী,
|c ১৯৯২
|
| 300 |
|
|
|a [আঠার], ১৬৭ পৃষ্ঠা :
|b চিত্র ;
|c ২২ সে.মি.
|
| 504 |
|
|
|6 গ্রন্থপঞ্জী ও নির্ঘণ্ট অন্তর্ভুক্ত।
|
| 526 |
|
|
|a BIED
|
| 541 |
|
|
|a Complimentary copy from BIED
|e 36071
|
| 600 |
|
|
|a Rokeẏā,
|c Begama,
|d 1880-1932.
|9 42261
|
| 650 |
|
|
|a Educators
|z India
|z Bengal
|v Biography
|9 42262
|
| 650 |
|
|
|a Social reformers
|z India
|z Bengal
|v Biography.
|9 42263
|
| 852 |
|
|
|a Ayesha Abed Library
|c BIED Collection
|
| 942 |
|
|
|2 ddc
|c BK
|
| 952 |
|
|
|0 0
|1 0
|2 ddc
|4 0
|6 370_920000000000000_ALA
|7 0
|9 69437
|a BRACUL
|b BRACUL
|c GEN
|d 2021-10-27
|e Complimentary copy from BIED
|l 2
|o 370.92 ALA
|p 3010036071
|r 2026-03-28
|s 2026-03-08
|t 1
|w 2021-10-27
|y BK
|x Transferred from BIED to General Stacks
|